[Event "EU-ch (Women) 10th"]
[Site "St Petersburg"]
[Date "2009.03.18"]
[Round "10"]
[White "Molchanova, Tatjana"]
[Black "Zakharova, Alexandra"]
[Result "1-0"]
[WhiteElo "2319"]
[BlackElo "2152"]
[PlyCount "99"]
[EventDate "2009.03.08"]
[EventType "swiss"]
[EventRounds "11"]
[EventCountry "RUS"]
[SourceTitle "CBM 129 Extra"]
[Source "ChessBase"]
[SourceDate "2009.05.05"]
[SourceVersion "2"]
[SourceVersionDate "2009.05.20"]
[SourceQuality "1"]

1. e4 e6 2. d4 d5 3. Nd2 Nc6 4. Ngf3 Nf6 5. e5 Nd7 6. Bd3 Nb4 7. Be2 c5 8. c3 Nc6 9. 0-0 f6 10. Re1 fxe5 11. Nxe5 Ndxe5 12. dxe5 Be7 13. Bd3 g6 14. Qg4 Kd7 15. Nf3 Kc7 16. Bh6 Bd7 17. Ng5 Qg8 18. a3 Bf8 19. Bxf8 Rxf8 20. b4 h6 21. Nh3 c4 22. Bc2 g5 23. Re3 Qg7 24. f4 Rhg8 25. fxg5 hxg5 26. Rae1 Ne7 27. Rg3 Qh6 28. Nxg5 Rf5 29. h4 Rff8 30. Rge3 Nf5 31. Bxf5 Rxf5 32. Rf1 Rgf8 33. Rxf5 Rxf5 34. Kh2 Ba4 35. Kg3 Bc2 36. Rf3 Kc6 37. Rxf5 Bxf5 38. Qd4 b6 39. a4 Qh5 40. Nf3 Be4 41. Qe3 Qh7 42. Nd4+ Kd7 43. Qg5 Qf7 44. h5 Qf1 45. Kh2 Qf7 46. h6 Bh7 47. Kg3 a6 48. b5 axb5 49. axb5 Be4 50. Nc6 1-0

[Event "EU-ch (Women) 10th"]
[Site "St Petersburg"]
[Date "2009.03.17"]
[Round "9"]
[White "Bulmaga, Irina"]
[Black "Zakharova, Alexandra"]
[Result "1/2-1/2"]
[WhiteElo "2300"]
[BlackElo "2152"]
[PlyCount "171"]
[EventDate "2009.03.08"]
[EventType "swiss"]
[EventRounds "11"]
[EventCountry "RUS"]
[SourceTitle "CBM 129 Extra"]
[Source "ChessBase"]
[SourceDate "2009.05.05"]
[SourceVersion "2"]
[SourceVersionDate "2009.05.20"]
[SourceQuality "1"]

1. e4 e6 2. d4 d5 3. Nd2 Nc6 4. Ngf3 Nf6 5. e5 Nd7 6. Nb3 a5 7. a4 b6 8. Bb5 Na7 9. Bd3 c5 10. c4 Bb7 11. 0-0 Be7 12. Re1 0-0 13. Be3 cxd4 14. Bxd4 Nc5 15. Bxc5 bxc5 16. Qc2 h6 17. Qc3 dxc4 18. Bxc4 Nc6 19. Red1 Qb6 20. Bb5 Nb4 21. Nfd2 Nd5 22. Qg3 Bg5 23. Nc4 Qc7 24. Re1 Bf4 25. Qg4 Bc8 26. g3 Bg5 27. Nd6 Ba6 28. Qc4 Bxb5 29. Nxb5 Qb6 30. Qxc5 Rfc8 31. Qxb6 Nxb6 32. N3d4 Be7 33. b3 Nd7 34. Rad1 Bb4 35. Re2 Nb6 36. Rc2 Nd5 37. Rdc1 Rxc2 38. Rxc2 Kh7 39. Nc6 Kg6 40. Kg2 Bf8 41. Ncd4 Rd8 42. g4 h5 43. h3 h4 44. Kf3 Kh6 45. Ke4 g5 46. Nc6 Ra8 47. Nd6 Kg6 48. Nc4 Bb4 49. Nxb4 Nxb4 50. Rd2 Nd5 51. Rxd5 exd5+ 52. Kxd5 Rc8 53. f3 Rd8+ 54. Ke4 Rd1 55. Nxa5 Re1+ 56. Kd3 Rh1 57. Nc6 Rxh3 58. Ke2 Rh2+ 59. Kf1 Kg7 60. a5 Ra2 61. b4 Kf8 62. b5 Ke8 63. b6 Rb2 64. Nd4 Kd7 65. Kg1 Ra2 66. Nf5 Rxa5 67. b7 Kc7 68. Nd6 Rxe5 69. Nxf7 Rd5 70. Kg2 Kxb7 71. Kh3 Kc7 72. Nh6 Rd3 73. Kg2 Rd2+ 74. Kg1 Kd7 75. Nf5 Ke6 76. f4 Kf6 77. Kh1 Ra2 78. fxg5+ Kxg5 79. Ne3 Re2 80. Nf1 Kxg4 81. Kg1 Kh3 82. Kh1 Re1 83. Kg1 Re2 84. Kh1 Rf2 85. Kg1 Re2 86. Kh1 1/2-1/2

[Event "EU-ch (Women) 10th"]
[Site "St Petersburg"]
[Date "2009.03.14"]
[Round "7"]
[White "Shaydullina, Sandugach"]
[Black "Zakharova, Alexandra"]
[Result "1-0"]
[WhiteElo "2232"]
[BlackElo "2152"]
[PlyCount "71"]
[EventDate "2009.03.08"]
[EventType "swiss"]
[EventRounds "11"]
[EventCountry "RUS"]
[SourceTitle "CBM 129 Extra"]
[Source "ChessBase"]
[SourceDate "2009.05.05"]
[SourceVersion "2"]
[SourceVersionDate "2009.05.20"]
[SourceQuality "1"]

1. d4 d5 2. c4 c6 3. Nf3 Nf6 4. Nc3 a6 5. cxd5 cxd5 6. Bf4 Nc6 7. Rc1 e6 8. e3 Bd6 9. Ne5 0-0 10. Nxc6 bxc6 11. Bd3 c5 12. dxc5 Bxc5 13. 0-0 Bd6 14. Bg5 Bb7 15. Na4 h6 16. Bh4 Be7 17. Nc5 Qb6 18. Nxb7 Qxb7 19. Qe2 a5 20. Rc2 Rfc8 21. Rfc1 Rxc2 22. Qxc2 Qb4 23. Bg3 Ne8 24. a3 Qb6 25. Be5 Bf6 26. Bxf6 gxf6 27. Qe2 Ng7 28. Rc3 Rb8 29. Qc2 Ne8 30. b3 Kf8 31. h3 Qd6 32. Qc1 Ke7 33. Rc6 Qd7 34. Qc5+ Kd8 35. Qxa5+ Nc7 36. Qc5 1-0

[Event "EU-ch (Women) 10th"]
[Site "St Petersburg"]
[Date "2009.03.12"]
[Round "5"]
[White "De Seroux, Camille"]
[Black "Zakharova, Alexandra"]
[Result "1/2-1/2"]
[WhiteElo "1928"]
[BlackElo "2152"]
[PlyCount "72"]
[EventDate "2009.03.08"]
[EventType "swiss"]
[EventRounds "11"]
[EventCountry "RUS"]
[SourceTitle "CBM 129 Extra"]
[Source "ChessBase"]
[SourceDate "2009.05.05"]
[SourceVersion "2"]
[SourceVersionDate "2009.05.20"]
[SourceQuality "1"]

1. e4 e6 2. d4 d5 3. Nd2 Nc6 4. c3 e5 5. exd5 Qxd5 6. dxe5 Nxe5 7. Qa4+ Bd7 8. Qe4 Nf6 9. Qxd5 Nxd5 10. Ngf3 Nxf3+ 11. Nxf3 0-0-0 12. Bc4 Re8+ 13. Kf1 Be6 14. Bb3 f6 15. Bd2 Bc5 16. Re1 c6 17. Bc2 g6 18. h4 Bg4 19. Be4 Re7 20. c4 Nb6 21. b3 Rhe8 22. Bb1 Nd7 23. Bc3 Rxe1+ 24. Bxe1 Bxf3 25. gxf3 Bd4 26. h5 f5 27. hxg6 hxg6 28. Rh6 Ne5 29. Kg2 Nxc4 30. Bb4 Ne5 31. f4 c5 32. Bd2 Ng4 33. Rxg6 Nxf2 34. Bxf5+ Kc7 35. Kf3 Nd1 36. Re6 Rf8 1/2-1/2

[Event "Saratov Region-ch (Women)"]
[Site "Saratov"]
[Date "2008.11.24"]
[Round "5"]
[White "Zakharova, Alexandra"]
[Black "Ekhaeva, Polina"]
[Result "1-0"]
[WhiteElo "2147"]
[BlackElo "2017"]
[PlyCount "41"]
[EventDate "2008.11.20"]
[EventType "swiss"]
[EventRounds "9"]
[EventCountry "RUS"]
[SourceTitle "EXT 2022"]
[Source "ChessBase"]
[SourceDate "2021.10.06"]
[SourceVersion "1"]
[SourceVersionDate "2021.10.06"]
[SourceQuality "1"]

1. d4 d5 2. Nf3 Nf6 3. c4 c6 4. Qc2 a6 5. e3 e6 6. Nbd2 Be7 7. Bd3 0-0 8. 0-0 b5 9. b3 Nbd7 10. e4 dxe4 11. Nxe4 h6 12. Ng3 Bb7 13. Re1 Rc8 14. c5 Nd5 15. Qe2 Qc7 16. Nh5 Rcd8 17. g3 Nc3 18. Qc2 Nd5 19. Bd2 Bc8 20. Bxh6 Nb4 21. Bh7+ 1-0

[Event "Saratov Region-ch (Women)"]
[Site "Saratov"]
[Date "2008.11.23"]
[Round "4"]
[White "Fedorova, Tatiana"]
[Black "Zakharova, Alexandra"]
[Result "1/2-1/2"]
[WhiteElo "1993"]
[BlackElo "2147"]
[PlyCount "93"]
[EventDate "2008.11.20"]
[EventType "swiss"]
[EventRounds "9"]
[EventCountry "RUS"]
[SourceTitle "EXT 2022"]
[Source "ChessBase"]
[SourceDate "2021.10.06"]
[SourceVersion "1"]
[SourceVersionDate "2021.10.06"]
[SourceQuality "1"]

1. c4 c6 2. Nc3 d5 3. cxd5 cxd5 4. d4 Nc6 5. g3 Bf5 6. a3 e6 7. Bg2 Bd6 8. Nf3 h6 9. 0-0 Nf6 10. Bf4 0-0 11. e3 Be7 12. Ne5 Rc8 13. g4 Bh7 14. h3 Na5 15. Rc1 Bd6 16. Qa4 Bxe5 17. Bxe5 Nc6 18. Bg3 a6 19. Rfd1 Na5 20. Nxd5 Nxd5 21. Rxc8 Qxc8 22. Qxa5 Qc2 23. Qd2 Rc8 24. Bf1 Be4 25. Bg2 Bxg2 26. Kxg2 Qe4+ 27. Kg1 Rc2 28. Qd3 Qxd3 29. Rxd3 Rxb2 30. e4 Nf6 31. d5 exd5 32. exd5 Kf8 33. d6 Nd7 34. Rc3 f6 35. Rc8+ Kf7 36. Rd8 Nc5 37. Rc8 Nd7 38. Rc7 Ke8 39. Rc8+ Kf7 40. Rd8 Nc5 41. Bf4 b6 42. Kg2 Rb3 43. Rc8 Rxa3 44. Rc7+ Kf8 45. Rc8+ Kf7 46. Rc7+ Kf8 47. Rc8+ 1/2-1/2

[Event "Saratov-ch (Women)"]
[Site "Saratov"]
[Date "2007.11.22"]
[Round "9"]
[White "Karibaeva, Elvira"]
[Black "Zakharova, Alexandra"]
[Result "1-0"]
[WhiteElo "2155"]
[BlackElo "2132"]
[PlyCount "85"]
[EventDate "2007.11.14"]
[EventType "swiss"]
[EventRounds "9"]
[EventCountry "RUS"]
[SourceTitle "EXT 2022"]
[Source "ChessBase"]
[SourceDate "2021.10.06"]
[SourceVersion "1"]
[SourceVersionDate "2021.10.06"]
[SourceQuality "1"]

1. d4 d5 2. c4 c6 3. Nc3 Nf6 4. Nf3 a6 5. a4 e6 6. Bg5 Be7 7. e3 0-0 8. Bd3 dxc4 9. Bxc4 c5 10. 0-0 Nbd7 11. Qd2 cxd4 12. exd4 Qc7 13. Bd3 Rd8 14. Rfc1 Qa5 15. Qe2 Nf8 16. Ne4 Nd5 17. Bxe7 Nxe7 18. Rc5 Qb4 19. a5 b5 20. h3 Nf5 21. Rd1 Qxa5 22. Ne5 Bb7 23. Ng5 Rxd4 24. Bxf5 Rxd1+ 25. Qxd1 exf5 26. Qb3 Qe1+ 27. Kh2 Qxf2 28. Qxf7+ Kh8 29. Qxb7 Qxc5 30. Ngf7+ Kg8 31. Qxa8 Qd4 32. Qf3 Qxb2 33. Qd5 g6 34. Ng5+ Kh8 35. Qd6 Kg7 36. Qe7+ Kh6 37. h4 Qd2 38. Qxf8+ Kh5 39. Ngf3 Qf4+ 40. Kg1 Qc1+ 41. Kf2 Qc2+ 42. Kg3 Qe4 43. Qg7 1-0

[Event "Ilichevsk Sunny Pawn op"]
[Site "Ilichevsk"]
[Date "2007.07.20"]
[Round "1"]
[White "Kolodiy, Taras"]
[Black "Zakharova, Alexandra"]
[Result "1-0"]
[WhiteElo "1869"]
[BlackElo "2132"]
[PlyCount "129"]
[EventDate "2007.07.20"]
[EventType "swiss"]
[EventRounds "11"]
[EventCountry "UKR"]
[SourceTitle "CBM 119 Extra"]
[Source "ChessBase"]
[SourceDate "2007.09.04"]
[SourceVersion "1"]
[SourceVersionDate "2007.09.04"]
[SourceQuality "1"]

1. e4 d5 2. exd5 Qxd5 3. Nc3 Qa5 4. d4 Nf6 5. Nf3 Bg4 6. Bb5+ c6 7. Be2 Nbd7 8. 0-0 e6 9. Ne5 Bf5 10. Nxd7 Nxd7 11. a3 Bd6 12. Bd3 0-0 13. Qf3 Bxd3 14. Qxd3 Qh5 15. h3 Rad8 16. Qe2 Qh4 17. Ne4 Qe7 18. Bg5 f6 19. Bh4 Bc7 20. Bg3 Bxg3 21. Nxg3 e5 22. Nf5 Qf7 23. f4 exd4 24. Nxd4 Rfe8 25. Qg4 Nb6 26. c3 Nc4 27. Nf5 Qg6 28. Qxg6 hxg6 29. Nh4 Kf7 30. Rf2 Re7 31. Nf3 Re6 32. Kh2 Red6 33. Re1 Re6 34. Rxe6 Kxe6 35. Re2+ Kf7 36. Re1 Rd7 37. Rb1 Rd8 38. Kg1 Nd2 39. Nxd2 Rxd2 40. Kh2 Ke6 41. Kg3 Kf5 42. Kf3 Rd3+ 43. Ke2 Rg3 44. Kf2 Kxf4 45. Rd1 Rg5 46. Rd4+ Ke5 47. Rd7 Ke6 48. Rxb7 Rb5 49. Rxb5 cxb5 50. Ke3 Kd5 51. b3 Kc5 52. Kd3 a6 53. c4 a5 54. cxb5 Kxb5 55. Kd4 Kc6 56. Kc4 Kb6 57. Kd5 Kb5 58. Ke6 Kc5 59. Kf7 Kd4 60. b4 axb4 61. axb4 Kc4 62. Kxg7 Kxb4 63. Kxg6 Kc4 64. Kxf6 Kd4 65. g4 1-0

[Event "Minsk Inautomarket op"]
[Site "Minsk"]
[Date "2005.07.10"]
[Round "1"]
[White "Tarlev, Konstantin"]
[Black "Zakharova, Alexandra"]
[Result "1-0"]
[WhiteElo "2409"]
[BlackElo "2139"]
[PlyCount "119"]
[EventDate "2005.07.06"]
[EventType "swiss"]
[EventRounds "9"]
[EventCountry "BLR"]
[SourceTitle "CBM 107 Extra"]
[Source "ChessBase"]
[SourceDate "2005.09.01"]
[SourceVersion "1"]
[SourceVersionDate "2005.09.01"]
[SourceQuality "1"]

1. e4 e6 2. d4 d5 3. Nc3 Bb4 4. e5 b6 5. Qg4 Bf8 6. Bg5 Qd7 7. f4 Ba6 8. Bxa6 Nxa6 9. Nge2 h5 10. Qh3 Be7 11. 0-0-0 0-0-0 12. Rhf1 Kb7 13. Qf3 c6 14. h3 Nc7 15. Rh1 h4 16. Bxe7 Nxe7 17. Rd2 Nf5 18. Nd1 Kb8 19. Ne3 Nxe3 20. Qxe3 g6 21. b3 b5 22. Kb2 Ka8 23. Nc1 Na6 24. Nd3 Qe7 25. c3 Rc8 26. a4 bxa4 27. Ra1 c5 28. Rxa4 cxd4 29. Qxd4 Nc5 30. Nxc5 Qxc5 31. Rd1 Qxd4 32. Raxd4 Rc7 33. c4 dxc4 34. Rxc4 Kb7 35. Kc3 Rhc8 36. Kb4 Re7 37. Ka5 Rxc4 38. bxc4 Kc6 39. Kb4 Rb7+ 40. Kc3 Kc7 41. Ra1 Kc6 42. Ra6+ Kc5 43. Ra5+ Kc6 44. c5 Kd5 45. Kd3 Rb3+ 46. Ke2 g5 47. fxg5 Kxe5 48. Rxa7 Rg3 49. Kf2 Rc3 50. Rxf7 Rxc5 51. Kf3 Rc4 52. g6 Rc3+ 53. Kg4 Rg3+ 54. Kh5 Ke4 55. g7 e5 56. Kh6 Rxg2 57. Rf8 Kd3 58. g8Q Rxg8 59. Rxg8 e4 60. Kg5 1-0

[Event "RUS-ch U18 Girls"]
[Site "Dagomys"]
[Date "2004.04.??"]
[Round "?"]
[White "Barinova, Valerija"]
[Black "Zakharova, Alexandra"]
[Result "0-1"]
[WhiteElo "1911"]
[BlackElo "2193"]
[PlyCount "54"]
[EventDate "2004.04.??"]
[EventType "swiss"]
[EventRounds "10"]
[EventCountry "RUS"]
[SourceTitle "EXT 2005"]
[Source "ChessBase"]
[SourceDate "2004.11.15"]
[SourceVersion "1"]
[SourceVersionDate "2004.11.15"]
[SourceQuality "1"]

1. e4 e6 2. Qe2 b6 3. g3 Bb7 4. Bg2 Nf6 5. d4 d5 6. e5 Nfd7 7. c4 Ba6 8. b3 Nc6 9. Qd2 Bb4 10. Nc3 0-0 11. Nge2 Ne7 12. 0-0 Rc8 13. a3 Bxc3 14. Nxc3 c5 15. Nb5 Nf5 16. Rd1 Bxb5 17. cxb5 Nxd4 18. Bb2 Nxb3 19. Qe2 Nxa1 20. Bxa1 Qe7 21. Bc3 d4 22. Bb2 f6 23. exf6 Qxf6 24. f4 Rce8 25. Bc6 Re7 26. Re1 Rfe8 27. Qc4 Kh8 0-1

[Event "RUS-ch U18 Girls"]
[Site "Dagomys"]
[Date "2004.04.??"]
[Round "?"]
[White "Zakharova, Alexandra"]
[Black "Shumilina, Alexandra"]
[Result "1/2-1/2"]
[WhiteElo "2193"]
[BlackElo "2325"]
[PlyCount "62"]
[EventDate "2004.04.??"]
[EventType "swiss"]
[EventRounds "10"]
[EventCountry "RUS"]
[SourceTitle "EXT 2005"]
[Source "ChessBase"]
[SourceDate "2004.11.15"]
[SourceVersion "1"]
[SourceVersionDate "2004.11.15"]
[SourceQuality "1"]

1. d4 d5 2. Nf3 Nf6 3. c4 c6 4. Qc2 dxc4 5. Qxc4 Bf5 6. g3 e6 7. Bg2 Nbd7 8. 0-0 Be7 9. e3 0-0 10. Nc3 h6 11. Qe2 Ne4 12. Ne1 Ndf6 13. f3 Nxc3 14. bxc3 c5 15. e4 Bh7 16. Be3 Qa5 17. Nd3 cxd4 18. cxd4 Ba3 19. Rab1 b6 20. Rbd1 Rac8 21. Bh3 Qa4 22. Rd2 Rc3 23. Rf2 Rd8 24. Bg2 Rdc8 25. h4 Qc4 26. Nf4 Bc1 27. Rd3 Rc2 28. Qxc2 Qxc2 29. Rxc2 Rxc2 30. Bxc1 Rxc1+ 31. Bf1 Rc2 1/2-1/2

[Event "RUS-ch 1L (Women)"]
[Site "Serpukhov"]
[Date "2004.02.??"]
[Round "1"]
[White "Kabanova, Irina"]
[Black "Zakharova, Alexandra"]
[Result "1-0"]
[WhiteElo "2012"]
[BlackElo "2193"]
[PlyCount "59"]
[EventDate "2004.02.??"]
[EventType "swiss"]
[EventRounds "9"]
[EventCountry "RUS"]
[SourceTitle "EXT 2005"]
[Source "ChessBase"]
[SourceDate "2004.11.15"]
[SourceVersion "1"]
[SourceVersionDate "2004.11.15"]
[SourceQuality "1"]

1. e4 e6 2. d4 d5 3. Nd2 Nf6 4. Bd3 c5 5. dxc5 Bxc5 6. Qe2 Nc6 7. Ngf3 Nb4 8. 0-0 Nxd3 9. cxd3 0-0 10. Nb3 Be7 11. Bd2 Bd7 12. Nbd4 Qb6 13. Bc3 a5 14. exd5 Nxd5 15. Ne5 Rad8 16. Nxd7 Rxd7 17. Nf3 Nxc3 18. bxc3 Bf6 19. d4 Rc8 20. Rab1 Qc7 21. Nd2 Qxc3 22. Ne4 Qxd4 23. Rbd1 Qa4 24. Nxf6+ gxf6 25. Rxd7 Qxd7 26. h3 Qd5 27. Rd1 Qc4 28. Rd3 Qc1+ 29. Kh2 Qf4+ 30. g3 1-0

[Event "RUS-ch 1L (Women)"]
[Site "Serpukhov"]
[Date "2004.02.??"]
[Round "3"]
[White "Ponosova, Yulia"]
[Black "Zakharova, Alexandra"]
[Result "0-1"]
[WhiteElo "2079"]
[BlackElo "2193"]
[PlyCount "96"]
[EventDate "2004.02.??"]
[EventType "swiss"]
[EventRounds "9"]
[EventCountry "RUS"]
[SourceTitle "EXT 2005"]
[Source "ChessBase"]
[SourceDate "2004.11.15"]
[SourceVersion "1"]
[SourceVersionDate "2004.11.15"]
[SourceQuality "1"]

1. e4 e6 2. d4 d5 3. exd5 exd5 4. c4 Nf6 5. Nf3 Bg4 6. Nc3 Nc6 7. Be3 Bxf3 8. Qxf3 Be7 9. cxd5 Nb4 10. Bb5+ Kf8 11. 0-0 Nbxd5 12. Nxd5 Qxd5 13. Be2 Rd8 14. Rac1 c6 15. a3 h5 16. Rfe1 g6 17. Bc4 Qxf3 18. gxf3 Nd5 19. Bd2 Bf6 20. Re4 Kg7 21. Rce1 Rd7 22. Bb3 Rhd8 23. Kg2 Ne7 24. Ba5 b6 25. Bc3 Nf5 26. Rf4 Bxd4 27. Bc2 Bxc3 28. bxc3 Nd6 29. a4 Nb7 30. Be4 Rd6 31. Bc2 R8d7 32. Re8 Nc5 33. Bb1 Re6 34. Rxe6 Nxe6 35. Rc4 c5 36. Re4 a6 37. Ba2 Nc7 38. Re5 Kf6 39. f4 Rd3 40. Re3 Rd2 41. Bc4 b5 42. axb5 axb5 43. Bf1 Nd5 44. Rf3 c4 45. Kg3 Rc2 46. Bh3 Rxc3 47. Bd7 Rxf3+ 48. Kxf3 c3 0-1

[Event "RUS-ch 1L (Women)"]
[Site "Serpukhov"]
[Date "2004.02.??"]
[Round "2"]
[White "Zakharova, Alexandra"]
[Black "Grebenschikova, Natalya"]
[Result "1/2-1/2"]
[WhiteElo "2193"]
[BlackElo "2092"]
[PlyCount "75"]
[EventDate "2004.02.??"]
[EventType "swiss"]
[EventRounds "9"]
[EventCountry "RUS"]
[SourceTitle "EXT 2005"]
[Source "ChessBase"]
[SourceDate "2004.11.15"]
[SourceVersion "1"]
[SourceVersionDate "2004.11.15"]
[SourceQuality "1"]

1. d4 Nf6 2. Nf3 e6 3. g3 b6 4. Bg2 Bb7 5. 0-0 c5 6. dxc5 bxc5 7. c4 Be7 8. Nc3 0-0 9. Qc2 Nc6 10. Rd1 d6 11. b3 Qb8 12. Bb2 Rd8 13. e3 a6 14. Rac1 Qc7 15. a3 Rab8 16. Ne2 Ba8 17. Ng5 Ne5 18. Bxa8 Rxa8 19. Bxe5 dxe5 20. e4 Qb7 21. Nc3 Rab8 22. Nf3 Rxd1+ 23. Qxd1 Rd8 24. Qc2 Nd7 25. Rd1 f6 26. Na4 Qc7 27. Rd3 Nb8 28. Rxd8+ Qxd8 29. Qd2 Qxd2 30. Nxd2 Nc6 31. Nb2 Kf7 32. Nd3 Ke8 33. Kf1 Kd7 34. Ke1 Nd4 35. Kd1 a5 36. Kc1 Kc6 37. Kb2 Bd6 38. Kc3 1/2-1/2

[Event "RUS-ch U20 Girls"]
[Site "Essentuki"]
[Date "2003.03.08"]
[Round "6"]
[White "Zakharova, Alexandra"]
[Black "Zainullina, Nataliya"]
[Result "0-1"]
[WhiteElo "2107"]
[BlackElo "2176"]
[PlyCount "50"]
[EventDate "2003.03.02"]
[EventType "swiss"]
[EventRounds "11"]
[EventCountry "RUS"]
[SourceTitle "CBM 093 Extra"]
[Source "ChessBase"]
[SourceDate "2003.05.09"]
[SourceVersion "1"]
[SourceVersionDate "2003.05.09"]
[SourceQuality "1"]

1. d4 Nf6 2. Nf3 e6 3. c4 b6 4. g3 Bb7 5. Bg2 Be7 6. 0-0 0-0 7. Nc3 Ne4 8. Bd2 f5 9. Qc2 Nxd2 10. Qxd2 Bf6 11. Rad1 Qe7 12. Qc2 d6 13. e4 g6 14. Rfe1 Bg7 15. exf5 gxf5 16. Nh4 Bxg2 17. Nxf5 Qf7 18. Nxg7 Bh3 19. Nxe6 Bxe6 20. Ne4 Bf5 21. Qe2 Bxe4 22. Qxe4 Qxf2+ 23. Kh1 Qf3+ 24. Qxf3 Rxf3 25. Re8+ Rf8 0-1